000 01478cam a22002535a 4500
001 L159372
008 161221s2016 xxk f 000 0 eng d
020 _a9781315549309
035 _a(Sirsi) u159372
041 0 _aeng
100 2 _aSteinberg, Howard
245 0 0 _aUnderstanding and negotiating EPC contracts
_bVolume 1
_h[electronic resource]
250 _a1st edition
260 _aLondon
_bRoutledge
_c2016
520 _aVolume 1 Main volume of a 2 part series provides a practical and comprehensive guide to engineering, procurement and construction (EPC) contracts for infrastructure projects. Clarifies the fundamental commercial principles and pitfalls of "turnkey" contracting for all types of capital investments ranging from electrical and thermal power generation (including combined heat and power, nuclear, wind, solar, natural gas and coal) through refining, chemical processing, LNG liquefaction and re-gasification, high speed rail, bridging, tunneling and road building. Includes worked examples, case studies and case law. Volume 2 (L159373) provides sample forms of engineering, procurement and construction contracts for use with infrastructure projects.
590 _aKA
650 2 4 _aEBOOK
650 2 4 _aProcurement
_96260
651 4 _aUnited Kingdom
_y
690 _aInfrastructure
_96246
690 _aContracts
_96232
856 4 0 _uhttps://www.vlebooks.com/
_zView on VLEbooks. Logins for members only from [email protected]
942 _n0
999 _c115843
_d115843